000 00410nam a22001697a 4500
005 20160617164751.0
008 160617b xxu||||| |||| 00| 0 eng d
020 _a81-7929-089-1
041 _aeng
082 _b8046
100 _aMichigan, E.A & Sethi Rajeev
_91510
245 _aSucessful selling in 7 Simple
260 _bInfinity Book
_c2004
300 _a207
650 _aManagement
_9241
942 _cBK
999 _c3015
_d3014